Countries With Most Islands - Statistics

General Stats
  • This quiz has been taken 250 times
  • The average score is 6 of 10
Answer Stats
Rank Islands Answer % Correct
3 17500 Indonesia
97%
2 30000 Canada
90%
5 7000 Philippines
86%
6 7000 Japan
81%
4 8000 Australia
74%
7 6200 United Kingdom
61%
1 100000 Finland
45%
9 900 Solomon Islands
45%
10 700 Bahamas
34%
8 1200 Maldives
34%
No matching quizzes found
Score Distribution
Percent of People with Each Score
Percentile by Number Answered
Your Score History
You have not taken this quiz